|
|
|
|
| LEADER |
00942nam a2200217 i 4500 |
| 003 |
GR-PaULI |
| 005 |
20210117210450.0 |
| 008 |
170929t2013 gr ||||g |||| 00| p gre d |
| 020 |
|
|
|a 9789605660109
|
| 040 |
|
|
|a GR-PaULI
|b gre
|c GR-PaULI
|e AACR2
|
| 082 |
0 |
4 |
|2 23
|a 889.134
|
| 100 |
1 |
|
|9 83278
|a Χαραλαμπίδης, Κυριάκος,
|d 1940-
|e συγγραφέας
|
| 245 |
1 |
4 |
|a Στή γλώσσα της υφαντικής /
|c Κυριάκος Χαραλαμπίδης
|
| 260 |
|
|
|a Λευκωσία :
|b Μεταίχμιο,
|c c2013.
|
| 300 |
|
|
|a 115 σ. ;
|c 24 εκ.
|
| 490 |
1 |
|
|a Ποίηση / Μεταίχμιο
|
| 830 |
|
0 |
|9 157556
|a Ποίηση (Μεταίχμιο)
|
| 942 |
|
|
|2 ddc
|c BK15
|
| 952 |
|
|
|0 0
|1 0
|2 ddc
|4 0
|6 889_134000000000000_ΧΑΡ
|7 0
|9 215513
|a LISP
|b LISP
|c DON
|d 2017-09-29
|e ΒΑΛ
|i 129486
|l 0
|o 889.134 ΧΑΡ
|p 025000247401
|r 2017-09-29 00:00:00
|t 1
|v 2017.00
|w 2017-09-29
|y BK15
|
| 998 |
|
|
|c ΣΑΤΛΑΝΗΣ
|d 2017-09
|
| 999 |
|
|
|c 130937
|d 130937
|